000 00458nam a2200157 a 4500
001 000030539
005 20200930062352.0
008 110523s1994 dr 000 0 spa d
040 _aDO-SdBNP
_bspa
_cBNPHU
082 _axxx
_bS456p
110 1 _aConferencia del Episcopado Dominicano
_957163
245 0 0 _aSegundo plan nacional pastoral.
260 _aSanto Domingo :
_bInstituto Nacional de Pastoral,
_c1994.
300 _a111 p. ;
_c23 cm.
049 _aBNPD
999 _c30031
_d30031